00606nam a2200205 a 450000100060000000300080000600500170001400800410003103500190007204000310009104100080012208200220013010000230015224500610017525000110023626000410024730000340028850400540032265000240037670114BD-RjUL20211209081951.0170416s1965 njua b 001 0 eng d a(BD-RjUL)70326 aDLC/ICUcICUdBD-RjULbeng aeng00a547223bFET 19651 aFerguson, Lloyd N.10aTextbook of organic chemistry /c[by] Lloyd N. Ferguson. a2d ed. aPrinceton, N.J.,bVan Nostrandc1965 axii, 755 p. :bill. ;c24 cm. aBibliographical references included in footnotes. 0aChemistry, Organic.